000 00627nam a2200205 4500
005 20260416122103.0
010 _aENG-148301
020 _a9789371360982
_c390.00
035 _aEN-131833
037 _bDBAD
082 _22026
_a540
100 _aGupta, Shalendra
245 _aNTA CUET(ug) Chemistry
_cShalendra Gupta
250 _a2026
260 _aUttar Pradesh
_bPerson India Education Services PVT. LTD
270 _a1st Floor, Berger Tower, Plot No. c-001A/2, Sector 16B, Noida
_bIndia
_e201301
300 _avp.
_c23cm(pb)
700 _aPrashant Jain
_988933
942 _2ddc
_cEN
_e2026
_h540
_mGUP
999 _c215910
_d215910